00601nam a22002177a 4500003000200000005001700002008000200019010002300021020002200044035001300066037001600079040001500095082001700110100002000127245004600147260004100193270007600234300002800310650001200338650003300350020180704125939.00 aB-129032, B-129033 c00.00a8178884100 aB-129032 bCen Lib/Ret aDPLbENc0 a660.634bSRI aSridhar, Sriram aEnzyme biotechnology /cby Sriram Sridhar bDominant PublishersaNew Delhic2006 bNew Delhia4378/4-B, Murari Lal Street, Ansari Road, Darya Ganje110002 a423p. :c23cm(Hb)bill. aEnzymes aBiotechnology -- Methodology